Normal view
MARC view
- Subir Kumar, Sarkam
Entry Personal Name
001 - CONTROL NUMBER
- control field: 6892
003 - CONTROL NUMBER IDENTIFIER
- control field: OSt
005 - DATE AND TIME OF LATEST TRANSACTION
- control field: 20250108161620.0
008 - FIXED-LENGTH DATA ELEMENTS
- fixed length control field: 250108|| aca||aabn | a|a d
040 ## - CATALOGING SOURCE
- Original cataloging agency: OSt
- Transcribing agency: OSt
100 ## - HEADING--PERSONAL NAME
- Personal name: Subir Kumar, Sarkam
670 ## - SOURCE DATA FOUND
- Source citation: Work cat.: (OSt)9908: Subir Kumar, Sarkam ., Operational amplifiers and their applications / , 1999.
